<?xml version="1.0" encoding="UTF-8"?>
<collection xmlns="http://www.loc.gov/MARC21/slim">
 <record>
  <leader>01517nam a2200325 a 4500</leader>
  <controlfield tag="001">31078</controlfield>
  <controlfield tag="003">BD-DhAAL</controlfield>
  <controlfield tag="005">20211125105416.0</controlfield>
  <controlfield tag="008">160428s2014    ii ||||| b||| 001 0 eng d</controlfield>
  <datafield tag="999" ind1=" " ind2=" ">
   <subfield code="c">37421</subfield>
   <subfield code="d">37421</subfield>
  </datafield>
  <datafield tag="020" ind1=" " ind2=" ">
   <subfield code="a">9788171772858</subfield>
  </datafield>
  <datafield tag="040" ind1=" " ind2=" ">
   <subfield code="a">BD-DhAAL</subfield>
   <subfield code="c">BD-DhAAL</subfield>
  </datafield>
  <datafield tag="082" ind1=" " ind2=" ">
   <subfield code="2">22</subfield>
   <subfield code="a">347.054</subfield>
  </datafield>
  <datafield tag="100" ind1=" " ind2=" ">
   <subfield code="a">Mitra, B. B.</subfield>
   <subfield code="9">19349</subfield>
  </datafield>
  <datafield tag="245" ind1=" " ind2=" ">
   <subfield code="a">B.B. Mitra the limitation act 1963 /</subfield>
   <subfield code="b">M.R.Mallick, assisted by Sukumar Ray</subfield>
  </datafield>
  <datafield tag="250" ind1=" " ind2=" ">
   <subfield code="a">Twenty third edition</subfield>
  </datafield>
  <datafield tag="260" ind1=" " ind2=" ">
   <subfield code="a">Kolkata ;</subfield>
   <subfield code="a">New Delhi :</subfield>
   <subfield code="b">Eastern Law House,</subfield>
   <subfield code="c">2014</subfield>
  </datafield>
  <datafield tag="300" ind1=" " ind2=" ">
   <subfield code="a">1389 pages :</subfield>
   <subfield code="b">illustrations ;</subfield>
   <subfield code="c">24 cm.</subfield>
  </datafield>
  <datafield tag="504" ind1=" " ind2=" ">
   <subfield code="a">Includes bibliographical references and index</subfield>
  </datafield>
  <datafield tag="526" ind1=" " ind2=" ">
   <subfield code="a">SoL</subfield>
  </datafield>
  <datafield tag="541" ind1=" " ind2=" ">
   <subfield code="e">31078, 31079</subfield>
  </datafield>
  <datafield tag="650" ind1=" " ind2=" ">
   <subfield code="a">Limitations of actions</subfield>
   <subfield code="z">India.</subfield>
   <subfield code="9">19524</subfield>
  </datafield>
  <datafield tag="650" ind1=" " ind2=" ">
   <subfield code="a">Law.</subfield>
   <subfield code="9">43126</subfield>
  </datafield>
  <datafield tag="651" ind1=" " ind2=" ">
   <subfield code="a">India</subfield>
   <subfield code="z">limitation act.</subfield>
   <subfield code="9">19525</subfield>
  </datafield>
  <datafield tag="700" ind1=" " ind2=" ">
   <subfield code="a">Mallick, M.R.</subfield>
   <subfield code="9">19526</subfield>
  </datafield>
  <datafield tag="700" ind1=" " ind2=" ">
   <subfield code="a">Ray, Sukumar </subfield>
   <subfield code="9">19527</subfield>
  </datafield>
  <datafield tag="942" ind1=" " ind2=" ">
   <subfield code="2">ddc</subfield>
   <subfield code="c">BK</subfield>
  </datafield>
  <datafield tag="952" ind1=" " ind2=" ">
   <subfield code="0">0</subfield>
   <subfield code="1">0</subfield>
   <subfield code="2">ddc</subfield>
   <subfield code="4">0</subfield>
   <subfield code="6">347_054000000000000_MIT</subfield>
   <subfield code="7">0</subfield>
   <subfield code="9">58886</subfield>
   <subfield code="a">BRACUL</subfield>
   <subfield code="b">BRACUL</subfield>
   <subfield code="c">GEN</subfield>
   <subfield code="d">2016-04-27</subfield>
   <subfield code="e">Trim education</subfield>
   <subfield code="g">3138.00</subfield>
   <subfield code="l">2</subfield>
   <subfield code="o">347.054 MIT</subfield>
   <subfield code="p">3010031078</subfield>
   <subfield code="r">2025-03-02</subfield>
   <subfield code="s">2025-02-23</subfield>
   <subfield code="t">1</subfield>
   <subfield code="v">3138.00</subfield>
   <subfield code="w">2016-04-27</subfield>
   <subfield code="y">BK</subfield>
   <subfield code="x">Koha Inventory 2020</subfield>
  </datafield>
  <datafield tag="952" ind1=" " ind2=" ">
   <subfield code="0">0</subfield>
   <subfield code="1">0</subfield>
   <subfield code="2">ddc</subfield>
   <subfield code="4">0</subfield>
   <subfield code="6">347_054000000000000_MIT</subfield>
   <subfield code="7">0</subfield>
   <subfield code="9">58887</subfield>
   <subfield code="a">BRACUL</subfield>
   <subfield code="b">BRACUL</subfield>
   <subfield code="c">GEN</subfield>
   <subfield code="d">2016-04-27</subfield>
   <subfield code="e">Trim Education</subfield>
   <subfield code="g">3138.00</subfield>
   <subfield code="l">3</subfield>
   <subfield code="m">10</subfield>
   <subfield code="o">347.054 MIT</subfield>
   <subfield code="p">3010031079</subfield>
   <subfield code="r">2025-01-04</subfield>
   <subfield code="s">2024-12-10</subfield>
   <subfield code="t">2</subfield>
   <subfield code="v">3138.00</subfield>
   <subfield code="w">2016-04-27</subfield>
   <subfield code="y">BK</subfield>
  </datafield>
  <datafield tag="952" ind1=" " ind2=" ">
   <subfield code="0">0</subfield>
   <subfield code="1">0</subfield>
   <subfield code="2">ddc</subfield>
   <subfield code="4">0</subfield>
   <subfield code="6">347_054000000000000_MIT</subfield>
   <subfield code="7">0</subfield>
   <subfield code="9">59025</subfield>
   <subfield code="a">BRACUL</subfield>
   <subfield code="b">BRACUL</subfield>
   <subfield code="c">GEN</subfield>
   <subfield code="d">2016-05-16</subfield>
   <subfield code="e">Hye Trade International</subfield>
   <subfield code="g">3138.00</subfield>
   <subfield code="l">0</subfield>
   <subfield code="o">347.054 MIT</subfield>
   <subfield code="p">3010031117</subfield>
   <subfield code="r">2016-05-19</subfield>
   <subfield code="t">3</subfield>
   <subfield code="v">3138.00</subfield>
   <subfield code="w">2016-05-16</subfield>
   <subfield code="y">BK</subfield>
  </datafield>
 </record>
</collection>
